| 000 | 00454nam a2200169Ia 4500 | ||
|---|---|---|---|
| 008 | 230524s9999 xx 000 0 und d | ||
| 082 |
_a658.43 _bSIN |
||
| 100 |
_aI.P.Singh _931125 |
||
| 245 | 0 | _aMaterials Science and Engineering | |
| 250 | _a8TH | ||
| 260 |
_aNEW DELHI _bJain Brothers _c2009 |
||
| 300 | _aXVI;631 | ||
| 500 | _aQuantity Number: 1 | ||
| 650 | _aChemistry | ||
| 700 |
_a" Subhash Chander , Rajesh K.Prasad,,," _931126 |
||
| 942 | _cBK | ||
| 999 |
_c44278 _d44278 |
||